000 00370nam a2200157Ia 4500
003 Ost
005 20260225132540.0
008 260225s9999||||xx |||||||||||||| ||und||
040 _cfsic
041 _afre
082 _a340.1
100 _aDaniel soulez lariviere
_eAuteur
245 0 _aLa plume et la balance /
245 0 _cDaniel soulez lariviere
942 _cكتاب
999 _c33430
_d33430